El descreído imaginario (Record no. 77823)

MARC details
000 -LEADER
campo de control de longitud fija 00971nam a2200265 i 4500
001 - NÚMERO DE CONTROL
campo de control 77823
003 - IDENTIFICADOR DE NÚMERO DE CONTROL
campo de control ES-MaACL
005 - FECHA Y HORA DE LA ÚLTIMA TRANSACCIÓN
campo de control 20250530063012.0
007 - CAMPO FIJO DE DESCRIPCIÓN FÍSICA--INFORMACIÓN GENERAL
campo de control de longitud fija t|
008 - DATOS DE LONGITUD FIJA--INFORMACIÓN GENERAL
campo de control de longitud fija 041111s2004 sp ||||1| spa d
020 ## - NÚMERO INTERNACIONAL ESTÁNDAR DEL LIBRO
Número Internacional Estándar del Libro 84-95011-83-2
080 ## - NÚMERO DE LA CLASIFICACIÓN DECIMAL UNIVERSAL
Número de la Clasificación Decimal Universal 74 Chumy-Chúmez (083.824)
080 ## - NÚMERO DE LA CLASIFICACIÓN DECIMAL UNIVERSAL
Número de la Clasificación Decimal Universal 75 Chumy-Chúmez (083.824)
100 1# - ENTRADA PRINCIPAL--NOMBRE DE PERSONA
Nombre de persona Chumy-Chúmez,
Fechas asociadas al nombre 1927-2003
9 (RLIN) 38700
245 13 - MENCIÓN DEL TÍTULO
Título El descreído imaginario
Resto del título : Capilla del Oidor, Alcalá de Henares, del 7 de junio al 18 de julio de 2004 /
Mención de responsabilidad, etc. Chumy-Chúmez.
260 ## - PUBLICACIÓN, DISTRIBUCIÓN, ETC.
Lugar de publicación, distribución, etc. [Madrid] :
Nombre del editor, distribuidor, etc. Fundación Colegio del Rey :
-- Fundación de la Universidad de Alcalá,
Fecha de publicación, distribución, etc. [2004]
300 ## - DESCRIPCIÓN FÍSICA
Extensión 133 p. ;
Dimensiones 26 cm.
600 14 - PUNTO DE ACCESO ADICIONAL DE MATERIA--NOMBRE DE PERSONA
Nombre de persona Chumy-Chúmez-
Subdivisión de forma Exposiciones.
9 (RLIN) 38701
655 #7 - TERMINO DE INDIZACIÓN--GENERO/FORMA
Fuente del término tgfbne
9 (RLIN) 193628
Datos o término principal de género/forma Catálogos de exposiciones
710 2# - ENTRADA AGREGADA--NOMBRE DE ENTIDAD CORPORATIVA
Nombre de entidad corporativa o nombre de jurisdicción como elemento de entrada Fundación Colegio del Rey.
9 (RLIN) 4254
710 2# - ENTRADA AGREGADA--NOMBRE DE ENTIDAD CORPORATIVA
Nombre de entidad corporativa o nombre de jurisdicción como elemento de entrada Fundación de la Universidad de Alcalá.
9 (RLIN) 4274
852 ## - LOCALIZACIÓN
Ubicación ES-MaACL
Número de control de estantería L-28425
Sublocalización o colección R.134343
942 ## - ELEMENTOS DE ENTRADA SECUNDARIOS (KOHA)
Fuente del sistema de clasificación o colocación Clasificación decimal universal
Holdings
Estatus retirado Estado de pérdida Estado de daño No para préstamo Biblioteca de origen Biblioteca actual Ubicación en estantería Fecha de adquisición Fuente de adquisición Total de préstamos Signatura topográfica completa Código de barras Visto por última vez Precio de reemplazo Tipo de ítem Koha
        Biblioteca del Ateneo de Madrid Biblioteca del Ateneo de Madrid Depósito 2 17/01/2008     L-28425 1081418 23/02/2023 23/02/2023 Libro impreso